000 00621cam a2200193 a 4500
005 20260128095552.0
008 250721s2002 jo gr 000 0 ara d
082 1 4 _a363.73
_bف ي ا
100 1 _aفياض، صايل محمد علي
_eمؤلف.
245 1 0 _aتلوث البحار /
_cم. صايل "محمد علي " فياض.
246 1 1 _amarine pollution
264 3 1 _aعمان :
_bدار الفرقان،
_c2002.
300 _a190صفحة.
650 1 7 _aالتلوث.
650 1 7 _aالتلوث البيئي.
650 1 7 _aمكافحة التلوث.
942 _2ddc
_cBK
999 _c65922
_d65922